[Event "Mittelfrank Regionalliga Sud-West 2223"]
[Site "Mittelfranken"]
[Date "2023.01.15"]
[Round "5.3"]
[White "Schmid, Peter4444"]
[Black "Billing, Christian"]
[Result "0-1"]
[WhiteElo "2074"]
[BlackElo "2198"]
[PlyCount "72"]
[EventDate "2022.10.09"]
[EventType "team-tourn"]
[EventRounds "9"]
[EventCountry "GER"]
[SourceTitle "EXT 2024"]
[Source "ChessBase"]
[SourceDate "2023.10.10"]
[SourceVersion "1"]
[SourceVersionDate "2023.10.10"]
[SourceQuality "1"]
[WhiteTeam "Kempten"]
[BlackTeam "Dillingen"]
[WhiteTeamCountry "GER"]
[BlackTeamCountry "GER"]

1. e4 d5 2. exd5 Qxd5 3. d4 e5 4. Nf3 e4 5. Ne5 Be6 6. Bc4 Qd6 7. 0-0 Nd7 8. Bxe6 Qxe6 9. Nxd7 Qxd7 10. Re1 f5 11. b3 0-0-0 12. Bb2 c5 13. c3 Nf6 14. Nd2 cxd4 15. cxd4 Bb4 16. Rc1+ Kb8 17. Rc4 Nd5 18. a3 Bd6 19. Nf1 Nf4 20. a4 Nd3 21. Re2 Qf7 22. Rec2 Qg6 23. f3 Rhe8 24. fxe4 fxe4 25. Bc1 Rf8 26. Ne3 Qh6 27. Ng4 Qh5 28. h3 Qh4 29. d5 h5 30. Rxe4 Nxc1 31. Qxc1 hxg4 32. Rxg4 Qf6 33. Re4 Rc8 34. Rxc8+ Rxc8 35. Qe1 Qb2 36. Re8 Qd4+ 0-1

[Event "Landesliga Sued 1819"]
[Site "Bayern"]
[Date "2019.04.07"]
[Round "9.3"]
[White "Billing, Christian"]
[Black "Grawe, Christian"]
[Result "1-0"]
[WhiteElo "2208"]
[BlackElo "2202"]
[PlyCount "85"]
[EventDate "2018.10.21"]
[EventType "team-tourn"]
[EventRounds "9"]
[EventCountry "GER"]
[SourceTitle "EXT 2022"]
[Source "ChessBase"]
[SourceDate "2021.10.06"]
[SourceVersion "1"]
[SourceVersionDate "2021.10.06"]
[SourceQuality "1"]
[WhiteTeam "Dillingen"]
[BlackTeam "Groebenzell"]
[WhiteTeamCountry "GER"]
[BlackTeamCountry "GER"]

1. e4 c5 2. Nf3 Nc6 3. Bb5 d6 4. 0-0 Bd7 5. Re1 Nf6 6. c3 a6 7. Bf1 Bg4 8. d3 e6 9. Nbd2 Be7 10. Qc2 Rc8 11. h3 Bh5 12. Nh2 Bg6 13. f4 h5 14. Ndf3 h4 15. f5 exf5 16. exf5 Bxf5 17. Qf2 Be6 18. Nxh4 Ng4 19. Nxg4 Bxh4 20. g3 Be7 21. Bg2 Qd7 22. Qf4 Bxg4 23. hxg4 Ne5 24. Rxe5 dxe5 25. Qxe5 Kf8 26. Bf4 Qxd3 27. Re1 Qd7 28. Bd5 c4 29. Kg2 Re8 30. Bf3 Qb5 31. Qxb5 axb5 32. Bxb7 Bc5 33. Rxe8+ Kxe8 34. Bc6+ Ke7 35. Bxb5 Kf6 36. g5+ Kg6 37. Bxc4 Be7 38. Bd3+ Kh5 39. g6 Bg5 40. Bxg5 Kxg5 41. gxf7 Kf6 42. Bc4 Ke7 43. Bd5 1-0

[Event "Landesliga Sued 1718"]
[Site "Bayern"]
[Date "2017.10.22"]
[Round "1.3"]
[White "Billing, Christian"]
[Black "Lautner, Josef"]
[Result "1-0"]
[WhiteElo "2175"]
[BlackElo "2125"]
[PlyCount "59"]
[EventDate "2017.10.22"]
[EventType "team-tourn"]
[EventRounds "9"]
[EventCountry "GER"]
[SourceTitle "EXT 2022"]
[Source "ChessBase"]
[SourceDate "2021.10.06"]
[SourceVersion "1"]
[SourceVersionDate "2021.10.06"]
[SourceQuality "1"]
[WhiteTeam "Dillingen"]
[BlackTeam "Roehrnbach"]
[WhiteTeamCountry "GER"]
[BlackTeamCountry "GER"]

1. e4 Nf6 2. e5 Nd5 3. d4 d6 4. c4 Nb6 5. exd6 exd6 6. Nc3 Be7 7. Be3 0-0 8. Bd3 Re8 9. Qc2 Bg5 10. Nge2 Bxe3 11. fxe3 Qh4+ 12. g3 Qh6 13. e4 Nc6 14. Qd2 Nb4 15. Qxh6 Nxd3+ 16. Kd2 gxh6 17. Kxd3 f5 18. Rhf1 Rf8 19. b3 fxe4+ 20. Nxe4 Bf5 21. g4 Bg6 22. Nf4 Rxf4 23. Rxf4 d5 24. cxd5 Nxd5 25. Rf2 Re8 26. Re1 Kg7 27. h4 Rxe4 28. Rxe4 Nf6 29. Rf5 h5 30. Re7+ 1-0

[Event "Landesliga Sued 1516"]
[Site "Bayern"]
[Date "2016.01.31"]
[Round "6.3"]
[White "Billing, Christian"]
[Black "Schelle, Artur"]
[Result "1-0"]
[WhiteElo "2150"]
[BlackElo "2166"]
[PlyCount "27"]
[EventDate "2015.10.11"]
[EventType "team-tourn"]
[EventRounds "9"]
[EventCountry "GER"]
[SourceTitle "EXT 2018"]
[Source "ChessBase"]
[SourceDate "2017.10.13"]
[SourceVersion "1"]
[SourceVersionDate "2017.10.13"]
[SourceQuality "1"]
[WhiteTeam "Dillingen"]
[BlackTeam "Muenchen Tarrasch"]
[WhiteTeamCountry "GER"]
[BlackTeamCountry "GER"]

1. e4 d5 2. exd5 Qxd5 3. Nc3 Qd6 4. d4 Nf6 5. Nge2 c6 6. Bf4 Qd8 7. Qd2 Bf5 8. Ng3 Bg6 9. 0-0-0 e6 10. f3 Qa5 11. a3 Nbd7 12. Kb1 0-0-0 13. Nb5 Qb6 14. Bc7 1-0

[Event "Landesliga Sued 1516"]
[Site "Bayern"]
[Date "2016.01.17"]
[Round "5.3"]
[White "Mueller, Alexander"]
[Black "Billing, Christian"]
[Result "1/2-1/2"]
[WhiteElo "2235"]
[BlackElo "2150"]
[PlyCount "67"]
[EventDate "2015.10.11"]
[EventType "team-tourn"]
[EventRounds "9"]
[EventCountry "GER"]
[SourceTitle "EXT 2018"]
[Source "ChessBase"]
[SourceDate "2017.10.13"]
[SourceVersion "1"]
[SourceVersionDate "2017.10.13"]
[SourceQuality "1"]
[WhiteTeam "Rottal"]
[BlackTeam "Dillingen"]
[WhiteTeamCountry "GER"]
[BlackTeamCountry "GER"]

1. d4 Nf6 2. c4 e6 3. g3 d5 4. Bg2 c6 5. Qc2 Nbd7 6. Nf3 Ne4 7. 0-0 Be7 8. Nbd2 Nxd2 9. Nxd2 f5 10. cxd5 cxd5 11. Nf3 Bd6 12. Ng5 Nf6 13. Nh3 Qb6 14. Qd3 Bd7 15. Bf4 Rc8 16. Bxd6 Qxd6 17. Qb3 b6 18. Nf4 0-0 19. Rac1 Rc7 20. Rxc7 Qxc7 21. Nd3 Rc8 22. Ne5 Qd6 23. e3 Be8 24. Bf3 a5 25. a3 a4 26. Qd3 Nd7 27. Qa6 Qc7 28. Nxd7 Bxd7 29. Be2 Qc6 30. Kg2 Qc2 31. Bd3 Qc6 32. Be2 Qc2 33. Qb7 Qc7 34. Qa6 1/2-1/2

[Event "Oberliga Bayern 1415"]
[Site "Germany"]
[Date "2014.12.07"]
[Round "4.3"]
[White "Billing, Christian"]
[Black "Koepke, Christian"]
[Result "0-1"]
[WhiteElo "2220"]
[BlackElo "2324"]
[PlyCount "70"]
[EventDate "2014.10.19"]
[EventType "team-tourn"]
[EventRounds "9"]
[EventCountry "GER"]
[SourceTitle "EXT 2016"]
[Source "ChessBase"]
[SourceDate "2015.10.08"]
[SourceVersion "1"]
[SourceVersionDate "2015.10.08"]
[SourceQuality "1"]
[WhiteTeam "Dillingen"]
[BlackTeam "Garching"]
[WhiteTeamCountry "GER"]
[BlackTeamCountry "GER"]

1. d4 Nf6 2. Nf3 g6 3. Nc3 d5 4. g3 Bg7 5. Bg2 0-0 6. 0-0 b6 7. Ne5 Bb7 8. Na4 Qc8 9. b4 e6 10. h4 Nbd7 11. Nxd7 Qxd7 12. Nb2 a5 13. bxa5 Rxa5 14. Bd2 Ra7 15. e3 Rfa8 16. a4 Bc6 17. a5 bxa5 18. Nd3 Ne4 19. Bxe4 dxe4 20. Nc5 Qd6 21. Qg4 e5 22. c3 a4 23. Ra3 f5 24. Qe2 Kh8 25. Rfa1 f4 26. exf4 exd4 27. Nxe4 Qd5 28. f3 d3 29. Qe3 Rb7 30. Qc5 Qxc5+ 31. Nxc5 Rb2 32. Be3 Re2 33. Bf2 Bf8 34. Bd4+ Kg8 35. R3a2 d2 0-1

[Event "Oberliga Bayern 1415"]
[Site "Germany"]
[Date "2014.11.09"]
[Round "2.3"]
[White "Billing, Christian"]
[Black "Pitl, Gregory"]
[Result "0-1"]
[WhiteElo "2220"]
[BlackElo "2392"]
[PlyCount "60"]
[EventDate "2014.10.19"]
[EventType "team-tourn"]
[EventRounds "9"]
[EventCountry "GER"]
[SourceTitle "EXT 2016"]
[Source "ChessBase"]
[SourceDate "2015.10.08"]
[SourceVersion "1"]
[SourceVersionDate "2015.10.08"]
[SourceQuality "1"]
[WhiteTeam "Dillingen"]
[BlackTeam "Goeggingen"]
[WhiteTeamCountry "GER"]
[BlackTeamCountry "GER"]

1. e4 c5 2. Nc3 Nc6 3. g3 g6 4. Bg2 Bg7 5. f4 Nh6 6. Nf3 d6 7. 0-0 f5 8. Re1 0-0 9. h3 Nf7 10. d3 Rb8 11. a4 a6 12. Be3 b5 13. axb5 axb5 14. Qd2 b4 15. Nd1 Nd4 16. Qf2 e5 17. c3 fxe4 18. dxe4 Nxf3+ 19. Qxf3 bxc3 20. bxc3 Ng5 21. Qf1 Kh8 22. Kh2 exf4 23. gxf4 Ne6 24. f5 Be5+ 25. Kh1 Qh4 26. Bf2 Qf4 27. Bg1 gxf5 28. Qd3 Qg5 29. Ra7 Qxg2+ 30. Kxg2 Nf4+ 0-1

[Event "Oberliga Bayern 1213"]
[Site "Bayern"]
[Date "2012.11.11"]
[Round "2.3"]
[White "Billing, Christian"]
[Black "Kirchner, Thomas"]
[Result "1-0"]
[WhiteElo "2228"]
[BlackElo "2299"]
[PlyCount "111"]
[EventDate "2012.10.14"]
[EventType "team-tourn"]
[EventRounds "9"]
[EventCountry "GER"]
[SourceTitle "EXT 2015"]
[Source "ChessBase"]
[SourceDate "2014.11.20"]
[SourceVersion "1"]
[SourceVersionDate "2014.11.20"]
[SourceQuality "1"]
[WhiteTeam "Dillingen"]
[BlackTeam "Nuernberg NT"]
[WhiteTeamCountry "GER"]
[BlackTeamCountry "GER"]

1. Nf3 d5 2. g3 Nf6 3. Bg2 e6 4. 0-0 Be7 5. d3 0-0 6. c4 c5 7. cxd5 exd5 8. Nc3 Nc6 9. Bg5 Be6 10. Rc1 Rc8 11. Na4 b6 12. d4 c4 13. Ne5 h6 14. Bxf6 Bxf6 15. f4 Bxe5 16. fxe5 Qe7 17. Nc3 Rfd8 18. Rf4 a6 19. Qd2 b5 20. Rcf1 b4 21. Na4 c3 22. bxc3 bxc3 23. Nxc3 Nxe5 24. dxe5 Qc5+ 25. Rd4 Qxc3 26. Qxc3 Rxc3 27. e4 Rc2 28. exd5 Rxg2+ 29. Kxg2 Rxd5 30. Rxd5 Bxd5+ 31. Kf2 Bxa2 32. Rc1 Bd5 33. Rc5 Be4 34. Ke3 Bg2 35. Kd4 Kh7 36. Rc2 Bh3 37. Ra2 Bc8 38. Kc5 Kg6 39. Kd6 Kf5 40. Rf2+ Kg6 41. Rf4 Bf5 42. Ke7 Be6 43. h4 h5 44. Kf8 Bb3 45. Rb4 Be6 46. Rb6 Kf5 47. Kxg7 a5 48. Ra6 Kg4 49. Kf6 Kxg3 50. Kg5 Kf3 51. Rxa5 Ke4 52. Kxh5 Kf5 53. Kh6 Bc4 54. h5 Be2 55. Kg7 Bxh5 56. e6+ 1-0

[Event "Oberliga Bayern 1011"]
[Site "Germany"]
[Date "2010.10.24"]
[Round "2.2"]
[White "Billing, Christian"]
[Black "Testor, Sebastian"]
[Result "0-1"]
[WhiteElo "2234"]
[BlackElo "2308"]
[PlyCount "54"]
[EventDate "2010.10.10"]
[EventType "team-tourn"]
[EventRounds "9"]
[EventCountry "GER"]
[SourceTitle "EXT 2012"]
[Source "ChessBase"]
[SourceDate "2011.11.24"]
[SourceVersion "1"]
[SourceVersionDate "2011.11.24"]
[SourceQuality "1"]
[WhiteTeam "Dillingen"]
[BlackTeam "Passau"]
[WhiteTeamCountry "GER"]
[BlackTeamCountry "GER"]

1. e4 e6 2. d3 d5 3. Nd2 Nf6 4. Ngf3 b6 5. Qe2 Be7 6. e5 Nfd7 7. g3 c5 8. Bg2 Qc7 9. 0-0 Nc6 10. Re1 Bb7 11. Nf1 h6 12. c3 b5 13. h3 a5 14. Bd2 a4 15. Rac1 c4 16. dxc4 bxc4 17. Nd4 Nc5 18. Qg4 g6 19. Bxd5 exd5 20. e6 Nxd4 21. exf7+ Kxf7 22. cxd4 Ne4 23. Bf4 Bd6 24. Be5 Bxe5 25. dxe5 Rae8 26. Qf4+ Kg7 27. f3 Ng5 0-1

[Event "GER-chT Universities"]
[Site "Augsburg"]
[Date "2010.10.08"]
[Round "4.2"]
[White "Billing, Christian"]
[Black "Lubczynski, Rafal"]
[Result "1/2-1/2"]
[WhiteElo "2273"]
[BlackElo "2419"]
[PlyCount "79"]
[EventDate "2010.10.06"]
[EventType "team-swiss"]
[EventRounds "6"]
[EventCountry "GER"]
[SourceTitle "EXT 2016"]
[Source "ChessBase"]
[SourceDate "2015.10.08"]
[SourceVersion "1"]
[SourceVersionDate "2015.10.08"]
[SourceQuality "1"]
[WhiteTeam "Augsburg Uni"]
[BlackTeam "Poznan FH"]
[WhiteTeamCountry "GER"]
[BlackTeamCountry "POL"]

1. Nf3 Nf6 2. g3 b5 3. Bg2 Bb7 4. 0-0 e6 5. d3 d5 6. c4 a6 7. b3 c5 8. Bb2 Be7 9. Ne5 Qb6 10. Qc2 0-0 11. Nd2 Nc6 12. Nxc6 Bxc6 13. e4 bxc4 14. bxc4 d4 15. Rab1 Qc7 16. h3 e5 17. Nb3 a5 18. Ba3 a4 19. Nc1 h5 20. Ne2 h4 21. g4 g5 22. Bc1 Nd7 23. a3 Rfb8 24. Bd2 Rb3 25. Rxb3 axb3 26. Qxb3 Rb8 27. Qc2 Qb7 28. Ra1 Qb2 29. Qc1 Qxc1+ 30. Nxc1 Ba4 31. Kf1 Rb2 32. Ke1 Bd8 33. Bf3 Nb6 34. Bd1 Bxd1 35. Kxd1 Na4 36. Ne2 Rb3 37. Kc2 Rb2+ 38. Kd1 Rb3 39. Kc2 Rb2+ 40. Kd1 1/2-1/2

[Event "GER-chT Universities"]
[Site "Augsburg"]
[Date "2010.10.07"]
[Round "2.2"]
[White "Zwahr, Paul"]
[Black "Billing, Christian"]
[Result "0-1"]
[WhiteElo "2273"]
[BlackElo "2273"]
[PlyCount "116"]
[EventDate "2010.10.06"]
[EventType "team-swiss"]
[EventRounds "6"]
[EventCountry "GER"]
[SourceTitle "EXT 2016"]
[Source "ChessBase"]
[SourceDate "2015.10.08"]
[SourceVersion "1"]
[SourceVersionDate "2015.10.08"]
[SourceQuality "1"]
[WhiteTeam "Dresden TU"]
[BlackTeam "Augsburg Uni"]
[WhiteTeamCountry "GER"]
[BlackTeamCountry "GER"]

1. e4 e5 2. Nf3 Nf6 3. Nxe5 d6 4. Nf3 Nxe4 5. d4 d5 6. Bd3 Bd6 7. 0-0 0-0 8. c4 c6 9. Qc2 Re8 10. Nc3 Nf6 11. c5 Bc7 12. h3 b6 13. b4 a5 14. b5 bxc5 15. dxc5 cxb5 16. Nxb5 Ne4 17. Nfd4 Be5 18. Be3 Na6 19. a3 Qh4 20. Nf3 Qh5 21. Nxe5 Qxe5 22. f3 Ng3 23. Rfe1 Bf5 24. Nd6 Bxd3 25. Qxd3 Re6 26. Bf2 Ne2+ 27. Kf1 Nf4 28. Qb5 Qg5 29. g3 Qh5 30. Rxe6 Qxh3+ 31. Ke1 Nxe6 32. Rd1 Nac7 33. Qd3 Rb8 34. Ke2 Rb2+ 35. Rd2 Rxd2+ 36. Qxd2 Qg2 37. Qb2 h6 38. Nf5 Kh7 39. c6 g6 40. Ne7 d4 41. Qb8 Kg7 42. Qb3 Ng5 43. Nd5 a4 44. Qd3 Nxd5 45. Qxd4+ Nf6 46. Qe3 Qh3 47. g4 Qh2 48. Qd4 Ne6 49. Qc3 Nf4+ 50. Ke1 N4d5 51. Qd4 Qh1+ 52. Ke2 Qc1 53. Be1 Qxc6 54. Bd2 Qb5+ 55. Ke1 Qb3 56. Bc1 Qc3+ 57. Qxc3 Nxc3 58. Bb2 Nfd5 0-1

[Event "Oberliga Bayern 0910"]
[Site "Bayern"]
[Date "2010.04.11"]
[Round "9.2"]
[White "Graf, Felix"]
[Black "Billing, Christian"]
[Result "0-1"]
[WhiteElo "2322"]
[BlackElo "2273"]
[PlyCount "58"]
[EventDate "2009.10.18"]
[EventType "team-tourn"]
[EventRounds "9"]
[EventCountry "GER"]
[SourceTitle "EXT 2011"]
[Source "ChessBase"]
[SourceDate "2010.11.26"]
[SourceVersion "1"]
[SourceVersionDate "2010.11.26"]
[SourceQuality "1"]
[WhiteTeam "Bayern Muenchen II"]
[BlackTeam "Dillingen"]
[WhiteTeamCountry "GER"]
[BlackTeamCountry "GER"]

1. d4 d5 2. c4 e6 3. Nf3 Nf6 4. Nc3 Be7 5. Bg5 0-0 6. e3 Nbd7 7. cxd5 exd5 8. Bd3 Re8 9. h3 c6 10. Qc2 Nf8 11. Bf4 Ng6 12. Bh2 Bd6 13. Bxd6 Qxd6 14. 0-0-0 Qe7 15. g4 b6 16. Kb1 Bb7 17. h4 Ne4 18. h5 Nf8 19. Nh4 g6 20. Nxe4 dxe4 21. Bc4 Bc8 22. hxg6 hxg6 23. Rdg1 Qf6 24. g5 Qd6 25. Qc3 b5 26. Bb3 b4 27. Qc2 Be6 28. f4 exf3 29. Nxf3 Bf5 0-1

[Event "Oberliga Bayern 0910"]
[Site "Bayern"]
[Date "2010.03.21"]
[Round "8.2"]
[White "Billing, Christian"]
[Black "Ruecker, Benjamin"]
[Result "1-0"]
[WhiteElo "2273"]
[BlackElo "2239"]
[PlyCount "97"]
[EventDate "2009.10.18"]
[EventType "team-tourn"]
[EventRounds "9"]
[EventCountry "GER"]
[SourceTitle "EXT 2011"]
[Source "ChessBase"]
[SourceDate "2010.11.26"]
[SourceVersion "1"]
[SourceVersionDate "2010.11.26"]
[SourceQuality "1"]
[WhiteTeam "Dillingen"]
[BlackTeam "Regensburg Fortuna"]
[WhiteTeamCountry "GER"]
[BlackTeamCountry "GER"]

1. Nf3 e6 2. d4 b6 3. e4 d5 4. Bd3 Nf6 5. e5 Ne4 6. Qe2 Bb7 7. 0-0 c5 8. c3 Be7 9. Nbd2 Nxd2 10. Bxd2 Nc6 11. Rab1 a5 12. Ne1 Qc8 13. Qg4 g6 14. Bh6 Ba6 15. Qf4 Bxd3 16. Nxd3 c4 17. Ne1 Qc7 18. Nf3 Nd8 19. Bg7 Rg8 20. Qh6 Kd7 21. Qxh7 Nc6 22. Bf6 Bxf6 23. exf6 Raf8 24. Qh4 Rh8 25. Qg3 Rh5 26. Qxc7+ Kxc7 27. g4 Rh6 28. h4 b5 29. Kg2 Kd6 30. Rfe1 b4 31. Kg3 Rhh8 32. a3 Rb8 33. Ng5 Rb7 34. axb4 axb4 35. Ra1 Rhb8 36. Ra6 Rc7 37. Re3 Rcb7 38. Kf4 e5+ 39. Rxe5 Rh8 40. Kg3 Rf8 41. Re3 bxc3 42. bxc3 Kd7 43. h5 gxh5 44. gxh5 Rb1 45. Kg2 Rg8 46. Rg3 Rh8 47. Nxf7 Rxh5 48. Ne5+ Nxe5 49. Rg7+ 1-0